Normal view
MARC view
Entry Personal Name
001 - CONTROL NUMBER
- control field: 1237170
003 - CONTROL NUMBER IDENTIFIER
- control field: OSt
005 - DATE AND TIME OF LATEST TRANSACTION
- control field: 20260430150330.0
008 - FIXED-LENGTH DATA ELEMENTS
- fixed length control field: 260430|| aca||aabn | a|a d
040 ## - CATALOGING SOURCE
- Original cataloging agency: OSt
- Transcribing agency: OSt
100 ## - HEADING--PERSONAL NAME
- Personal name: University of Delhi. Faculty of Arts. Deptt. of Philosophy
670 ## - SOURCE DATA FOUND
- Source citation: Work cat.: (OSt)1849532: Kaur Anmolpreet Au.; Devarakonda Balaganapathi Gu. 1237169, Conflict of Values in the Mahabharata: A Philosophical Analysis, 2022
